000 01672nam a2200325 a 4500
999 _c185649
_d185649
003 BLK
005 20230619160247.0
008 180411b bul|||||r ||||||| ||bul||
010 _aKNG00194643000
040 _aBLK
041 _aBUL
_cBUL
080 _aБългарска литература
_b821.163.2
_x-31
_z821.163.2-31
080 _aНационалнореволюционно движение през 70-те години
_b94(497.2)"187..."
_x(092)
_z94(497.2)"187..."(092)
080 _aВасил Иванов Кунчев, известен и като Апостола на свободата, идеолог и организатор на българската национална революция, национален герой
_b929 Левски, Васил
_z929 Левски, Васил
100 1 _aКоларов, Иван Стоянов
_eпърви автор
_9372482
139 _aКоларов, Иван Стоянов
_bК 77
245 1 0 _aПечеля за цял народ
_bБиогр. роман за Васил Левски
_cИван Стоянов Коларов; худож. Георги Иванов Недялков.
257 _aBGR
260 _aСофия
_bУнив. изд. Св. Климент Охридски
_c1993
300 _a260 с.
_bс ил.
_c20 см
380 _aX
700 1 _aНедялков, Георги Иванов
_eхудож.
_9379333
852 _aЦб 172905
_bЦб
856 4 _qpdf
_i0.00
_ldisable
856 4 _qpdf
_i0.00
_ldisable
942 _cKNG
_n0
_s1
_01
944 _aCR
_c27.10.2016
_kКети_Илиева
944 _aED
_c27.10.2016
_kКети_Илиева
999 _d185649